000 00227nam a22000857a 4500
008 160827b xxu||||| |||| 00| 0 eng d
100 _9254
_aKaushik N
245 _aMy father is a Hero
260 _aNew Delhi
_bShrishti publication
_c2016
999 _c2910
_d2910